Research shows that property valuations are more than 10% out. (Record no. 73780)
[ view plain ]
| 000 -LEADER | |
|---|---|
| fixed length control field | 01206cam a2200205 4500 |
| 001 - CONTROL NUMBER | |
| control field | WB3943-18 |
| 008 - FIXED-LENGTH DATA ELEMENTS--GENERAL INFORMATION | |
| fixed length control field | 031112n2003 000 0 eng u |
| 035 ## - SYSTEM CONTROL NUMBER | |
| System control number | (Sirsi) u124301 |
| 245 ## - TITLE STATEMENT | |
| Title | Research shows that property valuations are more than 10% out. |
| 260 ## - PUBLICATION, DISTRIBUTION, ETC. | |
| Date of publication, distribution, etc. | 2003 |
| 490 ## - SERIES STATEMENT | |
| Series statement | Property Week |
| Volume/sequential designation | 68(44) 7 November 2003, 7(1) |
| 520 ## - SUMMARY, ETC. | |
| Summary, etc. | RICS commissioned research has shown that only 68% of property valuations made before a sale prove to be accurate to within 10%. IPD researchers examined 1 340 property sales that were made in 2002. The report was subsequently unveiled at the RICS Valuation Conference in London. The report found that retail valuations were the most accurate, with office valuations being the least accurate. Shopping centre valuations were within 6.4% of the sale price. A copy of the report can be viewed at http://www.rics.org/ricscms/bin/show?class=ResearchReports&template=/includes/showresearch.html&id=69&faculty=Valuation&faculty=All%20Faculties. |
| 590 ## - LOCAL NOTE (RLIN) | |
| Local note | WB |
| 650 ## - SUBJECT ADDED ENTRY--TOPICAL TERM | |
| Topical term or geographic name entry element | OFFICES |
| 650 ## - SUBJECT ADDED ENTRY--TOPICAL TERM | |
| Topical term or geographic name entry element | RETAIL VALUATION |
| 650 ## - SUBJECT ADDED ENTRY--TOPICAL TERM | |
| Topical term or geographic name entry element | PROPERTY VALUATION |
| 650 ## - SUBJECT ADDED ENTRY--TOPICAL TERM | |
| Topical term or geographic name entry element | RICS VALUATION CONFERENCE |
| 690 ## - LOCAL SUBJECT ADDED ENTRY--TOPICAL TERM (OCLC, RLIN) | |
| Topical term or geographic name as entry element | PROPERTY-PROPERTY APPRAISAL AND VALUATION |
| 942 ## - ADDED ENTRY ELEMENTS (KOHA) | |
| Suppress in OPAC | 0 |
| Withdrawn status | Lost status | Source of classification or shelving scheme | Damaged status | Not for loan | Home library | Current library | Shelving location | Date acquired | Total Checkouts | Full call number | Barcode | Date last seen | Copy number | Price effective from | Koha item type |
|---|---|---|---|---|---|---|---|---|---|---|---|---|---|---|---|
| Dewey Decimal Classification | London | London | News article | 12/11/2003 | WB3943-18 | 124301-1001 | 06/08/2019 | 1 | 06/08/2019 | News article |